| 000 | 00811nam a2200229 i 4500 | ||
|---|---|---|---|
| 001 | 19004 | ||
| 003 | ES-MaACL | ||
| 005 | 20230906151956.0 | ||
| 007 | t| | ||
| 008 | 020510s2002 sp ||||1| spa d | ||
| 020 | _a84-8410-840-6 | ||
| 080 | _a342.738(460) | ||
| 100 | 1 |
_aMieres Mieres, Luis Javier. _980974 |
|
| 245 | 1 | 0 |
_aIntimidad personal y familiar _b: prontuario de jurisprudencia constitucional / _cLuis Javier Mieres Mieres. |
| 260 |
_aCizur Menor, Navarra : _bAranzadi, _c[2002] |
||
| 300 |
_a344 p. ; _c23 cm. |
||
| 490 | 1 |
_aCuadernos Aranzadi del Tribunal Constitucional ; _v8 |
|
| 650 | 1 | 4 |
_aDerecho a la intimidad- _zEspaƱa- _vJurisprudencia. _911638 |
| 830 | 0 |
_aCuadernos Aranzadi del Tribunal Constitucional ; _v8 _9179704 |
|
| 852 |
_aES-MaACL _jL-25480 _bR.131297 |
||
| 999 |
_c19004 _d19004 |
||